AEW Full Gear 2020 Card - Statistics

General Stats
  • This quiz has been taken 10 times
  • The average score is 15 of 20
Answer Stats
Answer % Correct
Adam Page
100%
Chris Jericho
100%
Darby Allin
100%
Jon Moxley
100%
Kenny Omega
100%
Cody Rhodes
88%
Hikaru Shida
88%
Matt Jackson
88%
MJF
88%
Nick Jackson
88%
Nyla Rose
88%
Sammy Guevara
88%
Cash Wheeler
75%
Dax Harwood
75%
Eddie Kingston
75%
Matt Hardy
63%
Orange Cassidy
50%
Serena Deeb
50%
Allysin Kay
13%
John Silver
13%
No matching quizzes found
Score Distribution
Percent of People with Each Score
Percentile by Number Answered
Your Score History
You have not taken this quiz